000 00295nam a2200097Ia 4500
008 220204s9999 xx 000 0 und d
082 _a339.52(058)
_bITC
245 0 _aWorld directory of trade promotion organizations and other foreign trade bodies.1991
260 _aGeneva
_bITC
_c1991
942 _cBK
999 _c43669
_d43669